000 00703nam a2200241Ia 4500
005 20260430150225.0
008 008 250103s9999 xx 000 0 eng d
037 _aTheses
040 _aCRL
040 _beng
040 _ceng
041 _2eng
041 _aeng
084 _qCRL
100 _aYadav Suman Au.; Jafri Saiyid Zaheer Husain Gu.
_91236848
245 0 _aTheory and practice of unani medicine in India: Colonial understanding of 'madeical education' and 'indigenous system'
260 _c2022
300 _a184p.
650 _aHistory
700 _aUniversity of Delhi. Faculty of Social Science. Depatment of History
_91236847
942 _cTH
999 _c1849255
_d1849255